| 000 | 00553nam a2200181 a 4500 | ||
|---|---|---|---|
| 005 | 20260417124509.0 | ||
| 008 | 260416s2026##################000#0#eng## | ||
| 020 |
_a9789052010489 _qpbk |
||
| 041 | _aEng | ||
| 082 | 0 | 4 | _a361.65094 PAS |
| 100 | _aPascual,Serrano Ambparo. | ||
| 245 | 1 | 0 |
_aReshaping Welfare State and Activation Regimes in Europe. _c/by Amparo Serrano Pascual and Lars Magnusson. |
| 250 | _a1st ed | ||
| 260 |
_aBelgium: _bP.I.E Peter Lang S.A, _c2007. |
||
| 300 |
_a319P. _c20Cm |
||
| 650 | _aSocial Problems | ||
| 942 | _cENGLISH | ||
| 999 |
_c619477 _d619477 |
||